000 00939nam a2200217Ia 4500
003 GCL
005 20240530110909.0
008 140319s2010 le g b 000 0 ara d
040 _aGCL /
_cGCL
082 0 4 _a320.91822/
_bب أ
100 0 _aبشارة خضر
245 1 0 _aاوروبا من اجل المتوسط من مؤتمر برشلونة الى قمة باريس :
_b1995- 2008 /
_cبشارة خضر ؛ ترجمة سليمان الرياشى
260 _aبيروت :
_bمركز دراسات الوحدة العربية ،
_c2010.
300 _a328 ص. ؛
_c24 سم.
504 _aيشتمل على ارجاعات ببليوجرافية
650 0 7 _2qrmak
_aالعالم العربى
650 0 7 _2qrmak
_aالعلاقات الخارجية
651 0 7 _2qrmak
_aالعالم العربى
_xالعلاقات الخارجة
_zالاتحاد الاروبى
700 0 _aسليمان الرياشى
_eمترجم
942 _2ddc
_cBK
999 _c66268
_d66268